00751nam a2200217Ii 45000010005000000030009000050080041000140400033000550410008000880820015000961000036001112450026001472640059001733000012002323360026002443370028002703380027002989400050003259990017003759520141003925055CO-ViMGA241108s9999||||xx |||||||||||||| ||und|| aCO-ViMGAbspaerdacCO-ViMGA0 aunk04a739.2-A2831 aHector Aguilar Ricketson95494110aArtesania de la plata 1a[Lugar de publicación no identificado] : Utena, 1968 avolumen atextbtxt2rdacontent aunmediatedbn2rdamedia avolumebnc2rdacarrier aidficha_siabuc: 4926. -- ficha_no_siabuc:5055 c52256d52256 001040708001aMEVIGERRbMEVIGERRcGENd2006-11-27hVol.1o739.2-A283pECA4094r2024-11-26 10:09:01tEj.1w2024-11-26yBKz4926 | 7060